| 000 | 01823nam a2200265Ia 4500 | ||
|---|---|---|---|
| 008 | 260220t1967||||xx |||||||||||||| ||spa|| | ||
| 040 |
_aPY-SlUNAC _bspa _erda |
||
| 041 | _aspa | ||
| 082 |
_a001.424 _bMc138p |
||
| 100 |
_aMcCracken, Daniel D. _eAutor |
||
| 245 | 0 |
_aProgramación fortran / _cpor Daniel D. McCracken [Autor] |
|
| 250 | _aPrimera edición | ||
| 264 |
_aCiudad de México : _bLimusa, _c℗1967. |
||
| 300 | _a165 páginas | ||
| 490 |
_a _vvolumen 4 |
||
| 520 | _aEl libro "Programación Fortran" de Daniel D. McCracken, publicado en 1967, es una obra fundamental para la enseñanza de este lenguaje de programación, que fue uno de los primeros en ser ampliamente utilizado en la computación científica y técnica. A través de una exposición clara y didáctica, el autor aborda desde los conceptos básicos hasta las técnicas avanzadas de programación en Fortran, permitiendo así que tanto principiantes como programadores experimentados puedan beneficiarse de su contenido. McCracken incluye ejemplos prácticos y ejercicios que facilitan la comprensión de los algoritmos y la lógica de programación, así como la estructura de datos en Fortran. Además, el libro ofrece una perspectiva histórica sobre el desarrollo del lenguaje y su relevancia en el contexto de la evolución de la computación. En conjunto, la obra se convierte en un recurso invaluable para estudiantes y profesionales que buscan dominar la programación en Fortran, consolidando su lugar en la formación académica de ingenieros y científicos. | ||
| 653 | _aComputación | ||
| 653 | _aLenguajes de programación | ||
| 653 | _aProgramación | ||
| 942 |
_b2026/02/17 _cBK |
||
| 999 |
_c6654 _d6654 |
||